00261nam a2200121Ia 4500008004100000100001500041245001400056260002400070300000900094650001400103942000700117999001500124190216s9999||||xx |||||||||||||| ||und|| aSkaria P P 0aEconomics bVrindavan Pubc1981 a244p aEconomics cBK c9355d9355